Quẳng gánh lo đi và vui sống = How to stop worrying and start living : Những bí quyết để sống vui vẻ và hạnh phúc
Sách chia sẻ những nội dung sự lo lắng, những câu chuyện có thật về kinh nghiệm chế ngự và nguyên tắc loại bỏ nỗi lo lắng.
محفوظ في:
| المؤلف الرئيسي: | |
|---|---|
| مؤلف مشترك: | |
| التنسيق: | كتاب |
| اللغة: | Vietnamese |
| منشور في: |
H.
Dân trí
2014
|
| الطبعة: | Tái bản |
| الموضوعات: | |
| الوسوم: |
إضافة وسم
لا توجد وسوم, كن أول من يضع وسما على هذه التسجيلة!
|
| Thư viện lưu trữ: | Thư viện Trường Đại học Nam Cần Thơ |
|---|
| LEADER | 01267nam a22002297a 4500 | ||
|---|---|---|---|
| 001 | NCT_63897 | ||
| 008 | 190507b xxu||||| |||| 00| 0 vie d | ||
| 999 | |c 3090 |d 3090 | ||
| 020 | |c 76000 | ||
| 082 | 0 | 4 | |2 23rd ed. |a 158.1 |b C289 |
| 100 | 1 | |a Carnegie, Dale | |
| 245 | 1 | 0 | |a Quẳng gánh lo đi và vui sống = |b How to stop worrying and start living : Những bí quyết để sống vui vẻ và hạnh phúc |c Dale Carnegie ; Nguyễn Văn Phước (dịch) |
| 250 | |a Tái bản | ||
| 260 | |a H. |b Dân trí |c 2014 | ||
| 300 | |a 429 tr. |c 21cm | ||
| 520 | 3 | |a Sách chia sẻ những nội dung sự lo lắng, những câu chuyện có thật về kinh nghiệm chế ngự và nguyên tắc loại bỏ nỗi lo lắng. | |
| 653 | |a Sách tham khảo | ||
| 710 | 2 | |a Nguyễn Văn Phước |b Biên dịch | |
| 942 | |2 ddc |c BK | ||
| 952 | |0 0 |1 0 |2 ddc |4 0 |6 158_100000000000000_C289 |7 0 |9 16800 |a 000001 |b 000001 |d 2019-05-07 |l 1 |o 158.1 C289 |p TK.01395 |r 2021-01-21 |s 2021-01-18 |v 76000.00 |w 2019-05-07 |y BK | ||
| 952 | |0 0 |1 0 |2 ddc |4 0 |6 158_100000000000000_C289 |7 0 |9 16801 |a 000001 |b 000001 |d 2019-05-07 |o 158.1 C289 |p TK.01396 |r 2019-05-07 |v 76000.00 |w 2019-05-07 |y BK | ||
| 980 | |a Thư viện Trường Đại học Nam Cần Thơ | ||